| 000 | 00433nam a2200145Ia 4500 | ||
|---|---|---|---|
| 008 | 230917s9999||||xx |||||||||||||| ||und|| | ||
| 040 |
_e78494 _aMAIN |
||
| 041 | _aEnglish | ||
| 082 | _a340 S64L | ||
| 100 | _aSinghvi, L M, ed | ||
| 245 | 0 | _aLaw and the commonwealth: occasional papers for the 4th commonwealth law conference, New Delhi (Jan 6-13, 1971) | |
| 260 |
_aDelhi _bNational _c1971 |
||
| 300 | _axix, 738 p. | ||
| 942 | _cBK | ||
| 999 |
_c204371 _d204371 |
||